[Event "7th Llucmajor Open 2018"]
[Site "S'Arenal de Llucmajor"]
[Date "2018.05.14"]
[Round "3"]
[White "Movsziszian, Karen"]
[Black "Levin, Felix"]
[Result "1/2-1/2"]
[WhiteElo "2533"]
[BlackElo "2470"]
[Annotator "TA"]
[PlyCount "55"]
[EventDate "2018.??.??"]
[EventType "swiss"]
[EventCountry "ESP"]
[SourceTitle "playchess.com"]
[Source "ChessBase"]
[SourceQuality "1"]

{[%evp 19,55,-8,0,-10,0,-46,-43,-37,0,-62,-15,-16,-26,-36,-18,-11,2,0,0,0,0,-20,7,0,7,3,0,0,0,0,0,0,2,9,9,0,0,0]} 1. g3 d5 2. Nf3 g6 3. Bg2 Bg7 4. O-O e5 5. d3 Nc6 6. e4 dxe4 {A07: Réti Opening: New York and Capablanca Systems} 7. dxe4 Qxd1 8. Rxd1 Bg4 9. c3 (9. Be3 Nd4 10. Bxd4 exd4 11. Na3 O-O-O 12. h3 Bxf3 13. Bxf3 Ne7 14. Nc4 {0-1 (35) Caruana,F (2829)-Anand,V (2793) London 2014}) 9... Nf6 {[%cal Bg8f6,Bf6d7,Bd7b6][%mdl 32]} 10. h3 Be6 {LiveBook: 3 Games} 11. Re1 (11. Ng5 {with more complications.} Bc8 12. Na3 a6 13. Nc4 O-O 14. Ne3) 11... h6 $146 ({Predecessor:} 11... Rd8 12. Na3 O-O 13. Bg5 h6 14. Bxf6 Bxf6 {½-½ (34) Shchekachev,A (2470)-Khenkin,I (2555) Reykjavik 1994}) 12. Na3 Nd7 13. Bf1 Nb6 14. Nd2 (14. Be3 $11) 14... h5 15. h4 O-O-O 16. b3 Bh6 17. Ndc4 {The position is equal.} Nxc4 18. Nxc4 Bxc1 19. Raxc1 f6 20. b4 Kb8 21. f3 Ne7 22. Rcd1 c6 23. a3 Kc7 24. Kf2 Nc8 25. Ke3 Nd6 26. Nxd6 Rxd6 27. Rxd6 Kxd6 28. Rd1+ {Precision: White = 52%, Black = 48%.} 1/2-1/2

[Event "7th Llucmajor Open 2018"]
[Site "S'Arenal de Llucmajor"]
[Date "2018.05.14"]
[Round "3"]
[White "Aroshidze, Levan"]
[Black "Di Benedetto, Edoardo"]
[Result "1-0"]
[WhiteElo "2497"]
[BlackElo "2280"]
[Annotator "TA"]
[PlyCount "71"]
[EventDate "2018.??.??"]
[EventType "swiss"]
[EventCountry "ESP"]
[SourceTitle "playchess.com"]
[Source "ChessBase"]
[SourceQuality "1"]

{[%evp 26,71,25,25,41,34,47,22,58,41,47,42,34,26,71,60,65,29,35,34,72,66,79,67,80,77,121,79,80,80,88,87,91,79,110,81,115,119,167,164,147,156,128,87,81,43,1325,1226]} 1. e4 e6 2. d4 d5 3. Nc3 Nf6 4. e5 Nfd7 5. f4 c5 6. Nf3 Nc6 7. Be3 a6 8. Qd2 b5 9. dxc5 Bxc5 10. Bd3 {C11: French: Classical System: 4 e5 and 4 Bg5 dxe4} (10. Ne2 O-O 11. Ned4 Qb6 12. c3 b4 13. Bd3 a5 14. O-O Ba6 15. Kh1 Bxd3 16. Qxd3 Qa6 17. Qc2 bxc3 18. bxc3 {½-½ (31) Dominguez Perez,L (2739)-So,W (2788) Saint Louis 2017}) 10... Qb6 11. Bf2 Bxf2+ 12. Qxf2 Qxf2+ 13. Kxf2 Nc5 14. Ne2 $146 {LiveBook: 4 Games} ({Predecessor:} 14. Ke3 b4 15. Ne2 Ke7 16. Ned4 Bd7 17. Nxc6+ Bxc6 {1-0 (45) Firat,B (2486)-Hasidovsky,M (2187) Jerusalem 2015}) 14... b4 15. Ned4 Nxd4 16. Nxd4 Bd7 17. Ke3 Ke7 18. a3 a5 19. b3 f6 20. axb4 Nxd3 21. Kxd3 (21. cxd3 {feels hotter.} axb4 22. Nc2 g5 23. g3 gxf4+ 24. gxf4 fxe5 25. fxe5 Rxa1 26. Rxa1 Rg8 27. Nxb4 Rg4 28. Na6) 21... axb4 22. Rhe1 fxe5 23. fxe5 Rhc8 24. Kd2 Be8 25. Rf1 Bd7 26. g3 {[%cal Bg2g3,Bg3g4][%mdl 32]} Be8 27. Rxa8 Rxa8 $16 {[%mdl 4096] Endgame KRB-KRN} 28. h4 {[%cal Bh2h4,Bh4h5,Bh5h6][%mdl 32]} Ra6 29. g4 Bg6 30. h5 Be8 31. Rf4 g6 {[#]} 32. h6 $1 g5 33. Rf6 Bg6 {[#]} 34. Nf5+ $1 {[%mdl 512]} Kd7 (34... exf5 35. Rxa6) 35. Nd6 {And now Rxg6! would win.} Ke7 $2 {[%mdl 8192]} (35... Ra1 $14) 36. Nc8+ {Precision: White = 85%, Black = 29%.} 1-0

[Event "7th Llucmajor Open 2018"]
[Site "S'Arenal de Llucmajor"]
[Date "2018.05.14"]
[Round "3"]
[White "Zumsande, Martin"]
[Black "Zhigalko, Sergei"]
[Result "1/2-1/2"]
[WhiteElo "2450"]
[BlackElo "2606"]
[Annotator "TA"]
[PlyCount "68"]
[EventDate "2018.??.??"]
[EventType "swiss"]
[EventCountry "ESP"]
[SourceTitle "playchess.com"]
[Source "ChessBase"]
[SourceQuality "1"]

{[%evp 27,68,4,4,4,2,22,8,10,17,11,6,8,12,0,0,0,0,0,12,-7,-6,-6,-8,-13,0,0,-4,-5,0,-7,-2,-6,0,-5,-5,-5,-5,-11,0,0,0,-8,0]} 1. e4 c5 2. c3 Nf6 3. e5 Nd5 4. d4 cxd4 5. cxd4 d6 6. Bc4 e6 7. Nf3 Be7 8. O-O O-O 9. Re1 Nc6 10. exd6 {B22: Sicilian: 2 c3} Qxd6 11. Nc3 {[%cal Bb1c3,Bc3b5,Bb5c7][%mdl 32]} Rd8 12. Bb3 (12. a3 a6 13. Be3 Nxe3 14. fxe3 b6 15. Rc1 Bb7 16. Ba2 Rac8 17. Ne4 Qd7 18. Nfg5 Bxg5 19. Nxg5 {½-½ (34) Jones,G (2640)-Svidler,P (2768) Wijk aan Zee 2018}) 12... Nf6 13. Nb5 Qd7 14. Bf4 a6 {LiveBook: 4 Games. The position is equal.} 15. Nc7 Ra7 16. d5 exd5 {aiming for ...b6.} 17. Rc1 Bd6 18. Bxd6 Qxd6 {[#]} 19. Nxd5 $1 {[%mdl 512] [#] Ng5 is the strong threat.} h6 $146 ({Of course not} 19... Nxd5 $6 20. Bxd5 Be6 21. Bxe6 $16) 20. Re2 Nxd5 21. Qxd5 Qxd5 22. Bxd5 Bg4 (22... Rxd5 $5 23. Re8+ $8 Kh7 24. Rxc8 Nd8 $11) 23. Rd2 Bxf3 $1 24. gxf3 Kf8 25. Rcd1 Nb4 26. Bb3 Rxd2 27. Rxd2 $11 {[%mdl 4096] Endgame And now Rd7 would win. KRB-KRN} b5 28. Kg2 Ke7 29. Kg3 Rc7 30. a3 Nc6 31. Rc2 Kd6 32. Rd2+ Ke7 33. Rc2 Kd6 34. Rd2+ Ke7 {Precision: White = 49%, Black = 51%.} 1/2-1/2

[Event "7th Llucmajor Open 2018"]
[Site "S'Arenal de Llucmajor"]
[Date "2018.05.14"]
[Round "3"]
[White "Larino Nieto, David"]
[Black "Sumets, Andrey"]
[Result "0-1"]
[WhiteElo "2433"]
[BlackElo "2577"]
[Annotator "TA"]
[PlyCount "106"]
[EventDate "2018.??.??"]
[EventType "swiss"]
[EventCountry "ESP"]
[SourceTitle "playchess.com"]
[Source "ChessBase"]
[SourceQuality "1"]

{[%evp 9,106,-43,-21,-55,-45,-84,-62,-86,-83,-75,-78,-159,-113,-185,-171,-192,-158,-287,-260,-287,-237,-301,-318,-286,-159,-156,-150,-114,-95,-94,-99,-302,-291,-303,-251,-364,-272,-416,-373,-508,-495,-582,-574,-566,-538,-821,-807,-779,-724,-1810,-1791,-1691,-1442,-1370,-1147,-1039,-1016,-997,-925,-999,-992,-967,-939,-1102,-1100,-1067,-1038,-1266,-1106,-1153,-1145,-1101,-1086,-1546,-1487,-1387,-1317,-1535,-1448,-2036,-1802,-2620,-2576,-5202,-29964,-5778,-4694,-2320,-5804,-29987,-29987,-29989,-5675,-5675,-5675,-4905,-4718,-29985,-29986]} 1. e3 Nf6 2. g4 (2. c4 g6 3. Nc3 Bg7 4. g4 h6 5. Bg2 c6 6. h4 d6 7. g5 hxg5 8. hxg5 Rxh1 9. Bxh1 Nh7 10. f4 e5 11. Qe2 Qe7 {½-½ (32) Rapport,R (2704)-Melkumyan,H (2655) Riga 2014}) 2... h6 3. Bg2 $146 ({Predecessor:} 3. h4 d5 4. Bh3 g5 5. Nc3 Nc6 6. d4 Be6 7. f3 gxh4 8. Nge2 Rg8 9. Nf4 Qd6 {1-0 (18) Fries Nielsen,J (2442)-Rahul,K (2138) Vaxjo 2015}) 3... d5 4. h3 e5 5. Ne2 c6 6. b3 {A00: Irregular Openings} Nbd7 {[%cal Bb8d7,Bd7f8,Bf8g6][%mdl 32]} 7. Bb2 Bd6 8. d3 {Black is slightly better.} Nf8 9. f4 Ng6 10. Rf1 (10. fxe5 $142 Nxe5 11. Qd2) 10... exf4 11. exf4 (11. Nxf4 $17 {was worth a try.} Nxf4 12. exf4) 11... Qe7 12. Kd2 O-O {aiming for ...Nh4.} 13. Bd4 (13. Qe1 $17 {was necessary.}) 13... Re8 $19 14. Nbc3 b5 {[%cal Bb7b5,Bb5b4][%mdl 32]} 15. Qe1 {[#]} b4 $1 {[%cal Rb4c3]} 16. Na4 c5 (16... h5 $19 17. g5 {[#]} Ng4 $1 {[%mdl 512]} 18. hxg4 Bxg4) 17. Bxf6 $17 Qxf6 ({Stronger than} 17... gxf6 18. Bxd5 Qe3+ 19. Kd1 $11) 18. Bxd5 Rb8 19. Qf2 Bd7 $36 {[%mdl 2048] Black is really pushing.} 20. Be4 $2 (20. Rae1 $17) 20... Bxa4 $19 21. bxa4 {[#]} c4 $1 {[%mdl 512] ...cxd3 is the strong threat.} 22. Rab1 (22. g5 $142 hxg5 23. fxg5 Qxg5+ 24. Ke1) (22. dxc4 Rxe4) 22... Rbc8 23. Kd1 (23. g5 {is a better defense.} hxg5 24. fxg5 Qxg5+ 25. Kd1) 23... cxd3 24. cxd3 Bc5 25. Qg3 Qa6 26. Kd2 Qxa4 27. Rb2 Qa5 {Strongly threatening ...b3+.} 28. Kd1 {[#]} b3 $1 {[%mdl 512]} 29. Rxb3 (29. axb3 Qa1+) 29... Qxa2 30. Nc1 Qa1 31. Kd2 Ba3 32. Rxa3 Qxa3 33. Ne2 Qb2+ 34. Ke3 Rc2 35. Re1 a5 36. g5 hxg5 37. Qxg5 a4 38. f5 Nf8 39. Kf3 Nh7 40. Qg1 Qf6 41. Nf4 Ng5+ 42. Kg4 Nxe4 43. dxe4 a3 {[%cal Ba4a3,Ba3a2][%mdl 32]} 44. Nd5 Qb2 45. Kf3 a2 46. f6 g6 47. Qa7 Qb3+ 48. Ne3 Rh2 (48... Qc3 $142 49. Qa4 Qxf6+ 50. Kg3 Qe5+ 51. Kf3 Rh2 52. Qxe8+ Qxe8) 49. Kg3 Rb2 50. Ra1 Rxe4 (50... Qc3 $142 51. Rf1 Qe5+ 52. Kh4 Rb3 53. Rf5 a1=Q 54. Rxe5 Qxe5 55. Kg4 Qxe4+ 56. Kg3 Rxe3+ 57. Qxe3 Qxe3+ 58. Kg2 Qe2+ 59. Kg1 Rd8 60. h4 Rd1#) 51. Qa8+ Qb8+ 52. Qxb8+ Rxb8 53. Nd5 Ra4 {Precision: White = 32%, Black = 80%.} 0-1

[Event "7th Llucmajor Open 2018"]
[Site "S'Arenal de Llucmajor"]
[Date "2018.05.14"]
[Round "3"]
[White "Prithu, Gupta"]
[Black "Santos Latasa, Jaime"]
[Result "0-1"]
[WhiteElo "2424"]
[BlackElo "2552"]
[Annotator "TA"]
[PlyCount "102"]
[EventDate "2018.??.??"]
[EventType "swiss"]
[EventCountry "ESP"]
[SourceTitle "playchess.com"]
[Source "ChessBase"]
[SourceQuality "1"]

{[%evp 15,102,29,35,30,36,0,9,0,0,0,0,-5,-8,2,-12,-35,-41,-54,0,0,0,0,10,10,10,10,10,10,11,11,11,10,14,17,23,25,20,21,25,16,17,0,0,0,0,0,0,0,0,0,0,0,0,0,0,0,0,-159,-147,-191,-191,-187,-185,-182,-183,-128,-151,-108,-8,-222,-222,-588,-584,-540,-442,-396,-78,-258,-222,-222,-222,-262,-252,-29974,-29975,-29975,-29976,-29975,-29977]} 1. Nf3 g6 2. e4 Bg7 3. d4 d6 4. Bc4 a6 5. O-O e6 6. c3 {B06: Modern Defence} (6. Re1 Nf6 7. e5 dxe5 8. Nxe5 O-O 9. Bg5 h6 10. Bh4 c5 11. Qf3 cxd4 12. Nd2 Nbd7 13. Nxf7 Rxf7 14. Bxe6 {1-0 (47) Kramnik,V (2769)-Caruana,F (2829) London 2014}) 6... Ne7 7. Nbd2 Nd7 8. Re1 O-O {LiveBook: 8 Games} 9. a4 c5 10. Nf1 $146 ({Predecessor:} 10. Bf1 b6 11. Nc4 d5 12. exd5 exd5 13. Nd6 Nf6 14. Nxc8 Nxc8 {½-½ (46) Schlemmer,H (2183)-Krueger,D (2062) GER email 2003}) 10... cxd4 11. cxd4 d5 12. exd5 Nb6 13. Bb3 {[%cal Rd5e6]} Nbxd5 14. Bg5 {Black should prevent Bxd5.} h6 15. Bd2 b6 16. Ne5 Nf5 (16... Bb7 $15) 17. Ng3 $11 Nxd4 {[#]} 18. Bxh6 $1 {[%mdl 512]} Bxh6 19. Qxd4 Bg7 20. Qe4 Qd6 (20... Qf6 {with more complications.} 21. Rad1 Qxe5 22. Qxe5 Bxe5 23. Bxd5 exd5 24. Rxe5 Bb7) 21. Rad1 Bxe5 22. Bxd5 exd5 23. Qxe5 Qxe5 24. Rxe5 Bd7 25. b3 Rac8 26. Ne2 ({Reject} 26. Rdxd5 Rc1+ 27. Nf1 Be6 $17) 26... Rfe8 27. Rxe8+ ({Much weaker is} 27. Rdxd5 Be6 $15) (27. Rexd5 $2 Bg4 $17) 27... Rxe8 {[%mdl 4096] Endgame KRB-KRN} 28. Nd4 Kg7 29. f3 Kf6 30. Kf2 g5 31. Rc1 Ke5 32. Ke3 Kd6+ 33. Kd3 f5 34. g3 f4 35. gxf4 gxf4 36. h4 $2 ({Better is} 36. Kd2 $11) 36... Re3+ $17 37. Kd2 Ke5 38. Nc6+ Bxc6 $1 39. Rxc6 Rxb3 $19 {KR-KR} 40. h5 Rxf3 41. Rxb6 Rh3 (41... a5 $17 {Hoping for ...Ra3.} 42. h6 Rh3) 42. h6 $2 (42. Rxa6 $11 Rh2+ 43. Kd3) 42... a5 43. Ke2 $2 (43. Ra6 {nothing else works.}) 43... d4 44. Ra6 Ke4 45. Re6+ Kd5 $2 (45... Kf5 $19 46. Ra6 Ke4 47. Re6+ Kd5) 46. Ra6 $2 (46. Rf6 $17 {is the only way for White.}) 46... f3+ 47. Kd3 f2+ 48. Ke2 {[#]} Rh2 $1 {( -> ...d3+!)} 49. Rxa5+ $2 (49. Rf6 $19) 49... Ke4 {Black mates.} 50. Kf1 d3 {[%cal Bd4d3,Bd3d2][%mdl 32]} 51. Ra8 d2 {Precision: White = 52%, Black = 69%.} 0-1

[Event "7th Llucmajor Open 2018"]
[Site "S'Arenal de Llucmajor"]
[Date "2018.05.14"]
[Round "3"]
[White "Di Benedetto, Desiree"]
[Black "Ubilava, Elizbar"]
[Result "1-0"]
[WhiteElo "2272"]
[BlackElo "2497"]
[Annotator "TA"]
[PlyCount "76"]
[EventDate "2018.??.??"]
[EventType "swiss"]
[EventCountry "ESP"]
[SourceTitle "playchess.com"]
[Source "ChessBase"]
[SourceQuality "1"]

{[%evp 12,76,72,69,99,101,140,98,108,56,52,35,110,57,82,81,63,72,113,72,85,75,91,81,84,73,86,93,100,94,103,87,93,107,104,89,115,107,106,80,128,123,132,115,117,113,114,116,130,139,143,132,172,157,189,130,129,117,124,94,123,129,118,125,124,120,182]} 1. d4 d6 2. e4 Nf6 3. Nc3 g6 4. Nf3 Bg7 5. Be3 c6 6. Qd2 Qc7 {B08: Pirc Defence: Classical System} (6... b5 7. Bd3 Bg4 8. O-O-O Nbd7 9. Kb1 O-O 10. Bh6 e5 11. Ne2 c5 12. dxe5 Nxe5 13. Nxe5 dxe5 14. Bxg7 Kxg7 15. f3 Bd7 16. c4 b4 17. Qe3 {½-½ (17) Dubov,D (2701)-Svidler,P (2760) Moscow 2018}) 7. Bh6 {LiveBook: 3 Games} Bxh6 8. Qxh6 Nbd7 9. Ng5 b5 10. Qg7 $146 (10. a4 $16) ({Predecessor:} 10. Bd3 Bb7 11. f4 b4 12. Ne2 Rf8 13. e5 dxe5 14. fxe5 Nxe5 15. dxe5 Qxe5 {0-1 (70) Mompo Ballester,V (2215)-Lloret Ramis,J (2300) Aragon 1996}) 10... Rf8 $14 11. Bd3 Bb7 (11... b4 $14 12. Ne2 Qa5 13. Nxh7 Rg8 14. Nxf6+ Nxf6) 12. Nxh7 ({White should play} 12. O-O $16) 12... Rg8 13. Nxf6+ Nxf6 14. Qh6 g5 15. Qh3 a6 16. Qe3 c5 17. dxc5 dxc5 18. f3 c4 19. Be2 O-O-O 20. Rd1 Rxd1+ 21. Bxd1 e6 22. O-O Nd7 23. Be2 Qc5 24. Qxc5+ Nxc5 25. b4 cxb3 26. cxb3 Nd7 27. a4 b4 28. Nb1 Kb8 29. Nd2 Ne5 30. Nc4 Nxc4 31. Bxc4 $16 {[%mdl 4096] Endgame KRB-KRB} Rd8 32. Kf2 f5 {[#]} 33. Bxe6 ({Better is} 33. exf5 $1 $18 exf5 34. Re1) 33... fxe4 {White is better.} 34. fxe4 Bxe4 35. Kg3 Rd3+ 36. Kg4 Bxg2 37. Rf8+ Kc7 {[#] White must now prevent ...Bh3+.} 38. Kxg5 Bd5 {Precision: White = 65%, Black = 38%.} (38... Rc3 $16 39. Rf4 Kd6) 1-0

[Event "7th Llucmajor Open 2018"]
[Site "S'Arenal de Llucmajor"]
[Date "2018.05.15"]
[Round "4"]
[White "Zhigalko, Sergei"]
[Black "Alonso Bouza, Julio Javier"]
[Result "1/2-1/2"]
[WhiteElo "2606"]
[BlackElo "2408"]
[Annotator "TA"]
[PlyCount "26"]
[EventDate "2018.??.??"]
[EventType "swiss"]
[EventCountry "ESP"]
[SourceTitle "playchess.com"]
[Source "ChessBase"]
[SourceQuality "1"]

{[%evp 18,26,41,21,46,-5,-6,-10,-9,0,-6]} 1. e4 d6 2. d4 Nf6 3. Nc3 g6 4. Nf3 Bg7 5. Be2 O-O 6. O-O c6 7. a4 Qc7 8. a5 Nbd7 9. Be3 Rb8 10. d5 {LiveBook: 4 Games. B08: Pirc Defence: Classical System} a6 (10... Nc5 11. Nd2 b6 12. axb6 axb6 13. Bf3 Bb7 14. Re1 Nfd7 15. Bg5 Rfe8 16. Ra3 h6 17. Be3 Ra8 18. Rxa8 Rxa8 {0-1 (45) Yilmaz,M (2531)-Kokarev,D (2635) Moscow 2013}) 11. Nd2 $146 (11. Bd4 $14) ({Predecessor:} 11. Re1 cxd5 12. exd5 b5 13. axb6 Nxb6 14. Bxa6 Bb7 15. Nb5 Qd7 16. Bxb7 Rxb7 17. Nc3 Nc4 {0-1 (75) Collins,S (2490)-Ghasi,A (2471) England 2015}) 11... cxd5 $11 {The position is equal.} 12. exd5 b5 {aiming for ...b4.} 13. axb6 $1 Nxb6 1/2-1/2

[Event "7th Llucmajor Open 2018"]
[Site "S'Arenal de Llucmajor"]
[Date "2018.05.16"]
[Round "4"]
[White "Sumets, Andrey"]
[Black "Arizmendi Martinez, Julen Luis"]
[Result "1/2-1/2"]
[WhiteElo "2577"]
[BlackElo "2506"]
[Annotator "TA"]
[PlyCount "62"]
[EventDate "2018.??.??"]
[EventType "swiss"]
[EventCountry "ESP"]
[SourceTitle "playchess.com"]
[Source "ChessBase"]
[SourceQuality "1"]

{[%evp 25,62,10,38,6,0,3,4,0,0,-1,9,0,53,48,56,37,43,50,89,89,90,90,86,82,58,62,63,0,0,0,0,0,79,70,79,2,4,0,4]} 1. d4 d5 2. Nf3 Nf6 3. c4 e6 4. Nc3 Bb4 5. Qa4+ Nc6 6. cxd5 exd5 7. Bg5 h6 8. Bxf6 Qxf6 9. e3 O-O 10. Be2 Be6 11. a3 {D38: Queen's Gambit Declined: Ragozin Defence (4 Nf3 Bb4)} (11. O-O a6 12. Rac1 Bd6 13. Qc2 Rfe8 14. Na4 Ne7 15. Nc5 Bxc5 16. Qxc5 c6 17. Qb6 Rab8 18. Qc7 Bg4 19. Rfe1 Bxf3 20. Bxf3 {½-½ (80) Dreev,A (2653)-Vachier Lagrave,M (2789) Riadh 2017}) 11... Bxc3+ 12. bxc3 a6 13. O-O b5 {LiveBook: 4 Games} 14. Qc2 Na5 15. a4 Nc4 16. Nd2 $146 {[%cal Bf3d2,Bd2b3,Bb3c5][%mdl 32]} ({Predecessor:} 16. Bd3 Qe7 17. Nd2 Nxd2 18. Qxd2 c5 {½-½ (18) Ostenstad,B (2462)-Sanikidze,T (2564) Plovdiv 2010}) 16... Bf5 17. Qa2 Rab8 18. Nb3 bxa4 (18... Qg6 $11) 19. Bxc4 $1 $14 dxc4 20. Nc5 $36 {[%mdl 2048] White has good play.} Bd3 $1 {[%cal Rd3f1]} 21. Rfd1 Rb3 22. Rxd3 ({Much worse is} 22. Nxb3 $6 axb3 23. Qb2 Qb6 $11) ({Reject} 22. Qxa4 Rb2 $15) (22. Nxa4 $6 Rfb8 $11) (22. Nd7 $6 Qf5 $11) 22... cxd3 23. Nxb3 axb3 24. Qxb3 $16 {[%mdl 4096] Endgame KQR-KQR} c5 25. Rd1 Qf5 26. Qc4 (26. d5 $14) 26... Rb8 $11 {[#] aiming for ...Rb2.} 27. f3 Rb2 {( -> ...Qg5)} 28. Qxc5 Qxc5 (28... Qe6 $11 29. d5 Qe5) 29. dxc5 $16 d2 {[#]} 30. Kf2 (30. c6 $1 $16 {[%cal Rc6c7]} Rb6 31. c7 (31. Rxd2 Rxc6 32. Rc2 a5 $16)) 30... Rc2 $11 31. h4 Rxc3 {Precision: White = 60%, Black = 58%.} 1/2-1/2

[Event "7th Llucmajor Open 2018"]
[Site "S'Arenal de Llucmajor"]
[Date "2018.05.15"]
[Round "4"]
[White "Santos Latasa, Jaime"]
[Black "Abdumalik, Zhansaya"]
[Result "1/2-1/2"]
[WhiteElo "2552"]
[BlackElo "2484"]
[Annotator "TA"]
[PlyCount "54"]
[EventDate "2018.??.??"]
[EventType "swiss"]
[EventCountry "ESP"]
[SourceTitle "playchess.com"]
[Source "ChessBase"]
[SourceQuality "1"]

{[%evp 14,54,36,23,48,33,31,38,55,0,0,0,0,0,0,0,0,0,0,0,0,0,0,0,-7,-67,-77,-63,0,-20,-3,-3,-3,-3,-3,-4,0,0,0,0,0,0,0]} 1. d4 Nf6 2. c4 g6 3. g3 Bg7 4. Bg2 c5 5. dxc5 Qa5+ 6. Nc3 {E60: King's Indian: Unusual lines and Fianchetto Variation without Nc3} Qxc5 7. Qa4 O-O 8. Be3 {LiveBook: 5 Games. White is slightly better.} Qf5 (8... Qc7 9. c5 Nc6 10. Rd1 b6 11. cxb6 Qb8 12. bxa7 Qxb2 13. Nb5 {1-0 (62) So,W (2792)-Jones,G (2640) Wijk aan Zee 2018}) 9. Nf3 Nc6 10. O-O $146 ({Predecessor:} 10. h3 d6 11. Rd1 Bd7 12. Qa3 Rfc8 13. Nb5 {½-½ (33) Van Scheltinga,T-Bilek,I Berg en Dal 1960}) 10... d6 11. Nd4 ({White should play} 11. h3 $14) 11... Qh5 $11 {White must now prevent ...Ng4.} 12. Nxc6 bxc6 13. Bxc6 Ng4 {[%csl Gg4][%cal Rh5h2] [#]} 14. h4 Nxe3 15. Bxa8 Nxf1 16. Rxf1 Bxc3 17. bxc3 Qxe2 18. Qxa7 Bh3 19. Bg2 (19. Rb1 $11) 19... Bxg2 $15 20. Kxg2 {[%mdl 4096] Endgame KQR-KQR} Qe4+ (20... Rc8 $15) 21. Kg1 {The position is equal.} Ra8 22. Qd4 $132 {[%mdl 2048] White puts up resistance} Qxd4 23. cxd4 Rxa2 24. Rc1 Kf8 25. c5 dxc5 26. Rxc5 Rd2 27. Rc4 h5 {Precision: White = 66%, Black = 66%.} 1/2-1/2

[Event "7th Llucmajor Open 2018"]
[Site "S'Arenal de Llucmajor"]
[Date "2018.05.15"]
[Round "4"]
[White "Vega Gutierrez, Sabrina"]
[Black "Fedorchuk, Sergey A."]
[Result "0-1"]
[WhiteElo "2401"]
[BlackElo "2637"]
[Annotator "TA"]
[PlyCount "120"]
[EventDate "2018.??.??"]
[EventType "swiss"]
[EventCountry "ESP"]
[SourceTitle "playchess.com"]
[Source "ChessBase"]
[SourceQuality "1"]

{[%evp 9,120,8,20,10,9,10,18,20,19,16,12,4,20,19,22,0,22,20,20,20,22,16,20,16,20,17,13,15,18,-27,-29,-29,-32,-33,-30,-63,-69,-57,-62,-148,-140,-150,-90,-97,-88,-89,-96,-85,-80,-79,-11,-20,-20,-23,-19,-39,0,-15,-6,-67,0,-18,0,-50,-57,-45,0,-20,-12,-33,-21,-28,-25,-31,-21,-26,-26,-60,-57,-57,-57,-60,-48,-63,-63,-91,-87,-81,-81,-119,-125,-179,-188,-189,-189,-191,-189,-204,-204,-210,-210,-241,-241,-289,-281,-281,-281,-281,-241,-257,-241,-262,-261]} 1. e4 c5 2. Nf3 e6 3. c3 d5 4. e5 d4 5. Na3 Ne7 {LiveBook: 4 Games} 6. Nc4 $146 {[#] aiming for Nd6+. B40: Sicilian: 2...e6, Unusual lines} ({Predecessor:} 6. Bd3 Nbc6 7. Be4 Nd5 8. O-O g5 9. cxd4 cxd4 10. Nb5 a6 11. Nbxd4 Nxd4 12. Nxd4 Bg7 {1-0 (42) Lagno,K (2547)-Muzychuk,A (2582) Huaian 2017}) 6... Ng6 7. h4 b5 8. Nd6+ {The position is equal.} Bxd6 9. Bxb5+ Bd7 10. Bxd7+ Qxd7 11. exd6 Nc6 12. cxd4 cxd4 13. h5 Nge5 14. Nxe5 Nxe5 15. d3 Qxd6 16. O-O Qd5 17. Qe2 h6 18. Re1 Nd7 $1 {[%cal Be5d7,Bd7f6,Bf6d5][%mdl 32]} 19. Bd2 O-O 20. Rac1 Nf6 21. Qe5 Rfd8 22. Rc5 Qxe5 $1 23. Rcxe5 Rac8 24. Ra5 ({White should play} 24. Bb4 $15) 24... Rc2 $17 25. Bf4 Nd5 (25... Rxb2 $142 26. Rxa7 Nxh5) 26. Be5 {[#]} Nb4 $1 {[%cal Rb4d3]} 27. Re4 Nc6 ({Reject} 27... Nxd3 $6 28. Rxd4 Rc1+ 29. Kh2 $11) 28. Ra4 {[%cal Re5d4]} Rxb2 29. Bxd4 Rb7 (29... Rb1+ $17 30. Kh2 Rb5) 30. Be3 Rxd3 31. Rec4 Ne5 32. Rc5 f6 33. Rc8+ Kh7 34. Bxa7 (34. Re8 $11) 34... Nf7 (34... Rb1+ $15 35. Kh2 f5) 35. Be3 Rd5 36. Rc5 Rxc5 37. Bxc5 $15 {[%mdl 4096] Endgame KRB-KRN} Rb5 38. Rc4 Ne5 39. Rc2 Nd3 40. Be3 Rxh5 41. a4 Ra5 42. Ra2 Kg6 43. Bb6 Ra6 44. a5 Nb4 45. Re2 Kf7 46. Rb2 Nd5 47. Kf1 Ke8 48. Ke2 Kd7 49. Kd3 Kc6 {[%cal Rd5b6]} 50. Rc2+ (50. Bd8 $17 {keeps fighting.}) 50... Kb7 $19 {...Nb4+ is the strong threat.} 51. Rc4 Nxb6 52. axb6 Rxb6 {KR-KR} 53. Ke4 Rc6 54. Ra4 Rc7 55. g4 Kc6 56. f3 Kd6 57. Rb4 Ke7 58. Ra4 Kf7 59. Rb4 Kg6 60. Rb6 e5 {Precision: White = 46%, Black = 79%.} 0-1